| 000 | 00708nam a2200217Ia 4500 | ||
|---|---|---|---|
| 003 | GCL | ||
| 008 | 140319s9999 xx 000 0 ara d | ||
| 040 |
_aGCL / _cGCL |
||
| 082 | 0 | 4 |
_a336.02567 _bم د \\=aمحمد عزيزv |
| 245 | 1 | 0 | _aالدخل القومى فى العراق وتقديراتة خلال الفترة (1973-1950) |
| 260 |
_a[S.N] : _bمعهد البحوث والدراسات العربية ، _c1975 |
||
| 300 | _a317 ص | ||
| 490 | _a | ||
| 650 | 0 | 4 | _aالعصر الحديث |
| 650 | 0 | 4 | _aتاريخ |
| 650 | 0 | 4 | _aالعراق |
| 650 | 0 | 4 | _aالاحوال الاقتصادية |
| 650 | 0 | 4 | _aالعصر الحجرى |
| 650 | 0 | 4 | _aالمالية العامة |
| 942 |
_2ddc _cBK |
||
| 999 |
_c32487 _d32487 |
||